مكافأة الخدمة بين قانون العمل و قانون الضمان الإجتماعي / (رقم التسجيلة. 1097)

تفاصيل مارك
000 -LEADER
fixed length control field 00616nam a22001937a 4500
005 - DATE AND TIME OF LATEST TRANSACTION
control field 20251108164011.0
008 - FIXED-LENGTH DATA ELEMENTS--GENERAL INFORMATION
fixed length control field 250721s1993 xx 000 0 ara d
082 14 - DEWEY DECIMAL CLASSIFICATION NUMBER
Classification number 344.01565/ظاه
100 1# - MAIN ENTRY--PERSONAL NAME
Personal name الظاهر، محمد عبد الله
245 10 - TITLE STATEMENT
Title مكافأة الخدمة بين قانون العمل و قانون الضمان الإجتماعي /
264 1# - PRODUCTION, PUBLICATION, DISTRIBUTION, MANUFACTURE, AND COPYRIGHT NOTICE
Place of production, publication, distribution, manufacture عمان :
Date of production, publication, distribution, manufacture, or copyright notice 1993.
300 ## - PHYSICAL DESCRIPTION
Extent 305ص
650 17 - SUBJECT ADDED ENTRY--TOPICAL TERM
Topical term or geographic name as entry element قانون العمل
650 17 - SUBJECT ADDED ENTRY--TOPICAL TERM
Topical term or geographic name as entry element الضمان الإجتماعي
650 17 - SUBJECT ADDED ENTRY--TOPICAL TERM
Topical term or geographic name as entry element التشريعات الإجتماعية
650 17 - SUBJECT ADDED ENTRY--TOPICAL TERM
Topical term or geographic name as entry element الأردن
942 ## - ADDED ENTRY ELEMENTS (KOHA)
Source of classification or shelving scheme Dewey Decimal Classification
Koha item type كتب
المقتنيات
حالة السحب حالة الفقدان مصدر التصنيف حالة التلف غير قابل للإعارة المكتبة الرئيسية المكتبة الحالية موقع الرف تاريخ التزويد الرقم المتسلسل Total Checkouts رقم الإستدعاء تاريخ آخر ظهور تاريخ الفاتورة نوع المادة (كوها) الباركود
    Dewey Decimal Classification     المكتبة المركزية المكتبة المركزية الإعارة 31/08/2021 1745882   344.01565/ظاه 28/07/2025 31/08/2021 كتب PLD00491748
    Dewey Decimal Classification     مكتبة النصر العامة مكتبة النصر العامة الإعارة 05/01/2015 (7037)   344.01565/ظاه 28/07/2025 05/01/2015 كتب PLD00313431
    Dewey Decimal Classification Unchecked   مكتبة صويلح العامة مكتبة صويلح العامة الإعارة 06/07/2004 10065   344.01565/ظاه 28/07/2025 06/07/2004 كتب  
    Dewey Decimal Classification     مكتبة وادي السير العامة مكتبة وادي السير العامة الإعارة 03/03/2016 [5500]   344.01565/ظاه 28/07/2025 03/03/2016 كتب PLD00377840
Implemented & Customized by: BBB with SCIT (Smart Chains for Information Technology)

Powered by Koha